| 000 | 00448nam a2200157Ia 4500 | ||
|---|---|---|---|
| 008 | 210716s2006 xx 000 0 und d | ||
| 020 | _a8120321413 | ||
| 041 | _aeng | ||
| 082 | _a005.73 CORT | ||
| 100 | _aCormen, Thomas H; Leiserson, Charles E; Rivest, Ronald L; Stein, Clifford. | ||
| 245 | _aIntroduction to algorithms. | ||
| 250 | _a2 | ||
| 260 |
_aNew Delhi _bPrentice Hall of India PVt Ltd _c2006 |
||
| 300 | _axix,1180 | ||
| 650 | _aNone | ||
| 999 |
_c188026 _d188026 |
||